| 000 | 00554nam a22001817a 4500 | ||
|---|---|---|---|
| 999 |
_c11796 _d11796 |
||
| 008 | 210107b ||||| |||| 00| 0 eng d | ||
| 020 | _a9780750661799 | ||
| 082 |
_a623.8884 _bCOC |
||
| 100 | _aCockcroft, A. N. | ||
| 245 | _aA guide to the collision avoidance rules : International Regulations for Preventing Collisions at Sea | ||
| 250 | _a6th Ed. | ||
| 260 |
_aHaryana _bButterworth-heinemann _c2010 |
||
| 300 | _a00 | ||
| 650 | _aRule of the road at sea | ||
| 650 | _aCollisions at sea--Prevention | ||
| 650 | _aCollisions at sea | ||
| 942 | _cBK | ||